Flags of Territories/Regions/Islands/Constituent Countries - Statistics

General Stats
  • This quiz has been taken 137 times
  • The average score is 25 of 46
Answer Stats
Picture Answer % Correct
England
99%
Scotland
96%
Wales
96%
American Samoa
80%
New Caledonia
80%
French Guiana
69%
Hong Kong
67%
Puerto Rico
64%
Cook Islands
63%
US Virgin Islands
63%
Wallis and Futuna
63%
Christmas Island
62%
French Polynesia
60%
Faroe Islands
59%
Northern Cyprus
59%
Anguilla
58%
Aruba
58%
Åland Islands
57%
Curacao
57%
Tibet
57%
Cocos Islands
56%
Abkhazia
54%
British Virgin Islands
54%
Montserrat
54%
South Ossetia
53%
Transnistria
53%
Easter Island
51%
Guadeloupe
51%
Bonaire
49%
Saint Helena
49%
Saint Pierre and Miquelon
48%
Reunion
47%
Mayotte
46%
Turks and Caicos Islands
44%
Artsakh(Nagorno Karabakh)
43%
Canary Islands
42%
Tristan da Cunha
40%
Ascension Island
35%
Tasmania
35%
French Southern and Antarctic Lands
33%
Saint Barthélemy
33%
Galapagos
32%
Shetland
32%
Sint Eustatius
31%
Orkney
23%
Bougainville
21%
No matching quizzes found
Score Distribution
Percent of People with Each Score
Percentile by Number Answered
Your Score History
You have not taken this quiz